Los símbolos en el silencio de las sirenas

Salvato in:
Dettagli Bibliografici
Autore principale: Tužinská, Sofia, 1973-
Natura: Capitolo di libro
Lingua:spagnolo
Soggetti:
Tags: Aggiungi Tag
Nessun Tag, puoi essere il primo ad aggiungerne!!

MARC

LEADER 00000naa a2200000 4500
001 0227513
005 20221019162756.7
041 0 |a spa 
044 |a SK 
245 1 0 |a Los símbolos en el silencio de las sirenas  |c Sofia Tužinská 
610 2 0 |a jazykoveda 
610 2 0 |a jazyky cudzie 
610 2 0 |a španielčina 
100 1 |a Tužinská, Sofia, 1973-